Normal view
MARC view
- Sijwali, BS
Entry Personal Name
001 - CONTROL NUMBER
- control field: 7842
003 - CONTROL NUMBER IDENTIFIER
- control field: OSt
005 - DATE AND TIME OF LATEST TRANSACTION
- control field: 20250916121228.0
008 - FIXED-LENGTH DATA ELEMENTS
- fixed length control field: 250916|| aca||aabn | a|a d
040 ## - CATALOGING SOURCE
- Original cataloging agency: OSt
- Transcribing agency: OSt
100 ## - HEADING--PERSONAL NAME
- Personal name: Sijwali, BS
670 ## - SOURCE DATA FOUND
- Source citation: Work cat.: (OSt)19523: Sijwali, BS, Face to Face CAT Common Admission Test:, 2024.
